Conversaciones matemáticas con Maria Antònia Canals : o cómo hacer de las matemáticas un aprendizaje apasionante /

Tallennettuna:
Bibliografiset tiedot
Päätekijä: Biniés Lanceta, Purificación (autor)
Muut tekijät: Alsina, Claudi (pról.) (pról.)
Aineistotyyppi: Kirja
Kieli:espanja
Julkaistu: Barcelona, España : Graó, 2008, c2008
Sarja:(Graó ; Biblioteca de Aula. Didáctica de la Matemáticas) 247.
Aiheet:
Tagit: Lisää tagi
Ei tageja, Lisää ensimmäinen tagi!

MARC

LEADER 00000nam^a2200000^a^4500
001 000297131
005 20250521000000.0
009 20260310112330.655
020 |a 978-84-7827-652-3 
037 |a Acervo ITESO - Biblioteca 
041 |a ESP 
082 |a 510. 92  |b BIN 
100 |a Biniés Lanceta, Purificación  |e (autor) 
245 1 0 |a Conversaciones matemáticas con Maria Antònia Canals :  |b o cómo hacer de las matemáticas un aprendizaje apasionante /  |c P. Biniés Lanceta ; pról. de C. Alsina. 
264 4 |a Barcelona, España :  |b Graó,  |c 2008, c2008 
300 |a 93 p. 
336 |a texto  |b txt  |2 rdacontenido 
337 |a sin mediación  |b n  |2 rdamedio 
338 |a volumen  |b nc  |2 rdasoporte 
440 1 |a (Graó ;  |v 247.  |p Biblioteca de Aula. Didáctica de la Matemáticas) 
649 |a XX 
650 |a Matemáticos Españoles 
650 |a Mujeres Españolas 
650 |a Juegos Matemáticos 
650 |a Matemáticas -  |x Estudio y Enseñanza -  |x Tema Principal 
650 |a Educación 
650 |a Matemáticas 
650 |a Canals, Maria Antònia -  |x Tema Principal 
700 |a Alsina, Claudi  |e (pról.) 
910 |a Fondo General 
920 |a Impresos - Libros 
930 |a Colección General 
905 |a 101 
901 |a 0500182957  |b IT1  |c ACC  |i C122434  |u 20250521 
902 |a https://opac.biblio.iteso.mx/vufind/Record/000297131